000 00838nam a22002297a 4500
003 BUBTL
008 230316b ||||| |||| 00| 0 eng d
020 _a9780393927856
082 _a821.3/ H1175e/ 2014
100 _95220
_aHadfield, Andrew D.
245 _aEdmund Spenser's poetry :
_bauthoritative texts criticism /
_cHadfield, Andrew D., Anne Lake Presscott
250 _a4th Edn
260 _aNew York:
_bW. W. Norton & Company,
_cc2014
300 _axiv, 881 p.:
_bills.;
_c25 cm.
440 _94237
_aA Norton Critical Edition.
505 _aEdmund Spenser's poetry, Edmund Spenser, Hadfield, Andrew D., Anne Lake Presscott, English Literature, English
650 0 _91994
_aEnglish Literature
700 _95221
_a Presscott, Anne Lake
856 _k0
_l0
_yDownload
942 _2ddc
_cBK
999 _c6979
_d6979